000 00965nam a2200277 a 4500
001 000042724
003 OSt
005 20251107110523.0
008 140206s2011 dr a r 001 0 spa d
020 _z9993480231
040 _aDO-SdBNP
_bspa
_cBNPHU
082 _a028.5
_bL296b, 2011
100 1 _aLantigua, José Rafael,
_d1949-
_91438
245 1 0 _aBuscando tiempo para leer :
_b(los 10 derechos del posible lector) /
_cJosé Rafael Lantigua ; presentación Alejandro Arvelo
250 _a5ª ed.
260 _aSanto Domingo :
_bEdiciones Ferilibro,
_c2011.
300 _a44 p. :
_bil. ;
_c19 cm.
500 _aIncluye datos biográficos del autor en las solapas de la cubierta.
590 _aInventariado,2018/DG
650 0 _aPromoción de la lectura
_97321
650 0 _aLibros y lectura
_91512
650 4 _aGuía para lectores
_944457
700 1 2 _aArvelo, Alejandro
_epres.
_9147
910 _aValidado. Control de calidad EMS.
942 _2ddc
_cLF2
999 _c42213
_d42213